Microeconomía
Gardado en:
| Main Authors: | , |
|---|---|
| Formato: | Libro |
| Idioma: | Lingua castelá |
| Publicado: |
Bogotá
McGraw Hill
1990
|
| Edición: | 2a. ed |
| Subjects: | |
| Tags: |
Engadir etiqueta
Sen Etiquetas, Sexa o primeiro en etiquetar este rexistro!
|
MARC
| LEADER | 00000nam a2200000 a 4500 | ||
|---|---|---|---|
| 001 | UCO9023 | ||
| 003 | CL-VaPUC | ||
| 008 | 010119e19900000CK |||||||||||||||||spa|d | ||
| 020 | |a 9684220464 | ||
| 082 | 0 | 4 | |a 338.5 |b MIL |2 21 |
| 100 | |a Miller, Roger LeRoy |e autor |9 861948 | ||
| 700 | 0 | |a Meiners, Roger E |e author |9 454106 | |
| 245 | 1 | 0 | |a Microeconomía |
| 250 | |a 2a. ed | ||
| 300 | |a 703 p | ||
| 942 | |c BK | ||
| 945 | |d 20010119 00:00:00 |a vberengu | ||
| 260 | |a Bogotá |b McGraw Hill |c 1990 | ||
| 650 | 0 | |a Administración de empresas |9 260833 | |
| 650 | 0 | |a Comercio |9 255341 | |
| 650 | 0 | |a Consumo |9 333893 | |
| 650 | 0 | |a Costes de producción |9 263894 | |
| 650 | 0 | |a Economía |9 255568 | |
| 650 | 0 | |a Oferta y demanda |9 255571 | |
| 650 | 0 | |a Precios |9 260787 | |
| 583 | |a last modification |c 20010119 00:00:00 |k Rodrigo Vera | ||
| 999 | |c 293428 |d 293426 | ||
| 952 | |0 0 |1 0 |4 0 |6 338_500000000000000_MIL_1990 |7 0 |8 A |9 344956 |a BIBMEC |b BIBMEC |d 2019-11-20 |i 3685438 |o 338.5 MIL 1990 |p 3685438 |r 2024-01-19 |w 2019-11-20 |y BK |k MEC | ||
| 952 | |0 0 |1 0 |4 0 |6 338_500000000000000_MIL_1990 |7 0 |8 A |9 344957 |a BIBMEC |b BIBMEC |d 2019-11-20 |i 3685446 |o 338.5 MIL 1990 |p 3685446 |r 2019-11-20 |w 2019-11-20 |y BK |k MEC | ||
| 952 | |0 0 |1 0 |4 0 |6 338_500000000000000_MIL_1990 |7 0 |8 A |9 344958 |a BIBMEC |b BIBMEC |d 2019-11-20 |i 4072499 |o 338.5 MIL 1990 |p 4072499 |r 2019-11-20 |w 2019-11-20 |y BK |k MEC | ||
| 952 | |0 0 |1 0 |4 0 |6 338_500000000000000_MIL_1990 |7 0 |8 CCM |9 344959 |a BIBCUR |b BIBCUR |d 2019-11-20 |i 3755363 |o 338.5 MIL 1990 |p 3755363 |r 2025-04-22 |w 2019-11-20 |y BK_R |k RNT | ||